000 00938cad a22002055a 4500
001 E148676
008 091019e20091018xxk s000 0 eng d
035 _a(Sirsi) u148676
041 0 _aeng
110 2 _aScotland
_bScottish Government
_95344
245 0 0 _aPlans to safeguard social housing
_h[electronic resource]
260 _c2009
490 _aScottish Government News Release
_v18 October 2009
520 _aAnnounces plans by the Scottish Government to abolish Right to Buy for new tenants in the social rented sector. It is hoped that over the next 10 years the move will retain 18 000 houses in the social rented sector which would otherwise have been sold.
590 _aKA
651 4 _aScotland
_y1999-
690 _aPROPERTY-RESIDENTIAL PROPERTY-DOMESTIC RESIDENTIAL PROPERTY-HOUSING
856 4 0 _uhttps://www.scotland.gov.uk/News/Releases/2009/10/19095248
_zView the news release at www.scotland.gov.uk...
942 _n0
999 _c81932
_d81932